[Event "45th FIDE Chess Olympiad Open"]
[Site "Budapest, Hungary"]
[Date "2024.09.12"]
[Round "2"]
[White "Righi, Ezio"]
[Black "Giron, Jorge Ernesto"]
[Result "0-1"]
[WhiteElo "1909"]
[BlackElo "2276"]
[PlyCount "98"]
[EventDate "2024.??.??"]
[WhiteTeam "San Marino"]
[BlackTeam "El Salvador"]
[WhiteTeamCountry "SMR"]
[BlackTeamCountry "ESA"]
[WhiteClock "0:35:09"]
[BlackClock "0:20:48"]

1. e4 c5 2. Nc3 Nc6 3. g3 g6 4. Bg2 Bg7 5. d3 e6 6. Be3 d6 7. Qd2 Rb8 8. Nge2 b5 9. O-O Nd4 10. Nd1 e5 $146 ({RR} 10... Nxe2+ 11. Qxe2 b4 12. Qd2 Ne7 13. d4 Qc7 14. a3 a5 15. axb4 axb4 16. c3 O-O 17. dxc5 dxc5 18. f3 Bb7 19. Re1 b3 20. Nf2 Rfd8 21. Qe2 Ra8 22. Qc4 Rdc8 23. Nd3 Ra5 24. Rxa5 Qxa5 25. Nxc5 {1-0 Wibe,T-Hartung Nielsen,J Nordic-ch Grenaa 1973 (10)}) ({RR} 10... Nxe2+ 11. Qxe2 Ne7 12. Qd2 O-O 13. Bh6 b4 14. Bxg7 Kxg7 15. Ne3 a5 16. f4 f5 17. Rae1 Bb7 18. exf5 exf5 19. Nc4 Bxg2 20. Qxg2 d5 21. Nxa5 Ra8 22. Nb3 Qd6 23. d4 c4 24. Nc5 Rf6 25. Re5 {0-1 Artemiev,V (2708)-Giri,A (2764) Chess.com Speed blitz 2020 (1.13)}) ({RR} 10... h5 11. h4 Ne7 12. c3 Nxe2+ 13. Qxe2 b4 14. Qd2 O-O 15. Bh6 a5 16. Bxg7 Kxg7 17. Ne3 Ba6 18. Rfd1 Qb6 19. d4 bxc3 20. bxc3 cxd4 21. cxd4 Rfc8 22. Rac1 Qb4 23. Rxc8 Qxd2 24. Rxd2 Nxc8 25. Rc2 {0-1 Babazada,K (2409)-Tabatabaei,M (2629) Titled Tuesday intern op 27th Apr blitz 2021 (6)}) ({RR} 10... Nxe2+ 11. Qxe2 Ne7 12. Qd2 O-O 13. Bh6 e5 14. Bxg7 Kxg7 15. f4 f6 16. Ne3 Rb7 17. Rf2 Ng8 18. b4 Be6 19. a3 a5 20. bxc5 dxc5 21. fxe5 fxe5 22. Rxf8 Kxf8 23. Nd5 Bxd5 24. exd5 Rf7 25. Re1 {½-½ Kolbak,J (2330)-Nielsen,P DEN-ch67 Mesterskabet 1976 (3)}) ({RR} 10... Nxe2+ 11. Qxe2 Ne7 12. Qd2 O-O 13. Bh6 f5 14. Bxg7 Kxg7 15. Ne3 Bb7 16. Rae1 Qd7 17. exf5 Nxf5 18. Nxf5+ exf5 19. Bxb7 Rxb7 20. d4 f4 21. Re4 fxg3 22. hxg3 Qf5 23. Rf4 Qd5 24. Rxf8 Kxf8 25. Qh6+ {1-0 Klinger,J (2475)-Nun,J (2475) Dortmund-B 1989}) 11. c3 Nxe2+ 12. Qxe2 b4 13. f4 bxc3 14. Nxc3 Ne7 15. f5 f6 16. h4 Rb4 17. Rf2 Bd7 18. Raf1 gxf5 19. exf5 Kf8 20. a3 Rb3 21. g4 h6 22. g5 hxg5 23. hxg5 Be8 24. Qg4 Bf7 25. Ne4 Nd5 26. Bc1 Rxd3 27. g6 Bg8 28. Qe2 Rd4 29. Qa6 Qb6 30. Qxb6 Nxb6 31. b4 c4 32. a4 Bd5 33. a5 Nc8 34. Be3 Rd3 35. Re1 Rh4 36. Ng3 Bxg2 37. Kxg2 d5 38. Bc5+ Kg8 39. Rb1 e4 40. b5 Rg4 41. b6 axb6 42. axb6 Rgxg3+ 43. Kf1 Rb3 44. Rfb2 Nxb6 45. Bxb6 Bf8 46. Bd4 Ba3 47. Rxb3 Rxb3 48. Ra1 c3 49. Ke1 c2 0-1

[Event "45th FIDE Chess Olympiad Open"]
[Site "Budapest, Hungary"]
[Date "2024.09.12"]
[Round "2"]
[White "Arias, Daniel"]
[Black "Volpinari, Danilo"]
[Result "1-0"]
[WhiteElo "2213"]
[BlackElo "1939"]
[PlyCount "75"]
[EventDate "2024.??.??"]
[WhiteTeam "El Salvador"]
[BlackTeam "San Marino"]
[WhiteTeamCountry "ESA"]
[BlackTeamCountry "SMR"]
[WhiteClock "0:02:33"]
[BlackClock "0:00:35"]

1. e4 c5 2. Nf3 e6 3. d4 cxd4 4. Nxd4 Nc6 5. Nc3 Qc7 6. g3 Nf6 7. Bg2 Nxd4 ({RR} 7... h5 8. O-O a6 9. Nxc6 bxc6 10. Re1 h4 11. Bg5 hxg3 12. hxg3 e5 13. Na4 Be7 14. c4 d6 15. c5 Bg4 16. cxd6 Bxd1 17. dxc7 Bxa4 18. b3 Bb5 19. a4 Bd3 20. Bxf6 gxf6 21. Re3 Bc4 22. bxc4 {½-½ Sevian,S (2660)-Belous,V (2532) PNWCC Online blitz JP 2nd 2020 (6)}) 8. Qxd4 Bc5 9. Qd1 d6 ({RR} 9... a6 10. O-O h5 11. Bf4 d6 12. h3 Bd7 13. Qd2 Rc8 14. Rad1 e5 15. Be3 Bb4 16. Bg5 Be6 17. a3 Bxc3 18. bxc3 Nd7 19. Qxd6 Qxd6 20. Rxd6 Rxc3 21. Rfd1 Rxc2 22. f4 Rc7 23. Bf1 Bb3 24. Rb1 {1-0 Saraci,N (2449)-Pobor,M (2209) Srdja Dragasevic Mem 2024 (1.4)}) 10. Na4 $146 ({RR} 10. O-O Bd7 11. Bg5 Bc6 12. Qe2 O-O-O 13. Rfe1 h6 14. Bxf6 gxf6 15. Rab1 Bb4 16. Nb5 Bxb5 17. Qxb5 Bc5 18. b4 Bb6 19. Re2 Kb8 20. a4 e5 21. a5 Bd4 22. Rb3 {1-0 Oztekin,K (1910)-Hollan,M (2256) EU-ch U18 26th 2016 (1)}) ({RR} 10. O-O Bd7 11. Bg5 Bc6 12. a3 a6 13. b4 Ba7 14. a4 h6 15. Bxf6 gxf6 16. Ra3 Ke7 17. Ne2 Rac8 18. Qa1 h5 19. h4 Bd7 20. Rc3 Qb6 21. Rf3 Rh6 22. Qc1 Rch8 23. Qa3 Rc8 24. a5 Qb5 {1-0 Dgebuadze,A (2514)-Seifert,C (2316) Staufer op 26th 2014 (7)}) ({RR} 10. O-O Bd7 11. Kh1 h5 12. f4 O-O-O 13. f5 h4 14. g4 h3 15. Bf3 d5 16. exd5 Nxd5 17. Nxd5 exd5 18. a4 Rhe8 19. Bxd5 Bc6 20. c4 Re5 21. Rf3 Bxd5 {0-1 Karatsioras,N (1867)-Teske,H (2522) Baden-Baden op 2002 (1)}) 10... e5 11. O-O Be6 12. Nxc5 dxc5 13. f4 Rd8 14. Qe2 O-O 15. b3 c4 16. f5 Bd7 17. g4 Bb5 18. g5 Ne8 19. Be3 f6 20. a4 Ba6 21. b4 b6 22. a5 Bb5 23. axb6 axb6 24. Qf2 Rb8 25. Rfd1 Nd6 26. Qg3 Kh8 27. Qh4 fxg5 28. Bxg5 Rbe8 29. Ra3 Nf7 30. Be3 Rd8 31. Rda1 Qd6 32. Qf2 Rb8 33. Ra7 Qc6 34. Re7 Nd6 35. Rxe5 Qc7 36. Bf4 Qd7 37. Rd5 Rf6 38. Rad1 1-0

[Event "45th FIDE Chess Olympiad Open"]
[Site "Budapest, Hungary"]
[Date "2024.09.12"]
[Round "2"]
[White "Grassi, Enrico"]
[Black "Morales Carlos"]
[Result "0-1"]
[WhiteElo "1965"]
[BlackElo "2131"]
[PlyCount "154"]
[EventDate "2024.??.??"]
[WhiteTeam "San Marino"]
[BlackTeam "El Salvador"]
[WhiteTeamCountry "SMR"]
[BlackTeamCountry "ESA"]
[WhiteClock "0:06:54"]
[BlackClock "0:16:31"]

1. e4 c6 2. d4 d5 3. exd5 cxd5 4. c4 Nf6 5. Nc3 g6 6. cxd5 Bg7 7. Nf3 O-O 8. Be2 Nxd5 9. O-O ({RR} 9. Qb3 Nb6 10. O-O Be6 11. Qa3 Nc6 12. Rd1 Nd5 13. Bg5 h6 14. Be3 Qa5 15. Qxa5 Nxa5 16. Ne4 Bf5 17. Nc5 Nxe3 18. fxe3 b6 19. Na6 Rac8 20. Rac1 Bc2 21. Re1 Be4 22. b4 Nb7 23. Nc7 Nd6 {½-½ Gelashvili,T (2612)-Chadaev,N (2535) Kavala op 17th 2008 (8)}) 9... Nxc3 ({RR} 9... b6 10. Re1 Bb7 11. Bg5 h6 12. Bd2 e6 13. Qc1 Kh7 14. Ne5 Nd7 15. Bf3 Nxe5 16. dxe5 Rc8 17. Qd1 Nxc3 18. Bxc3 Qxd1 19. Bxd1 Rfd8 20. Bc2 Rc5 21. f4 Ba6 22. Red1 Rcd5 23. Rxd5 Rxd5 24. Rd1 {½-½ Mesquita,E (1958)-Jimenez Jimenez,L (2161) Titled Tue 30th Jul Early 2024 (5)}) 10. bxc3 Qc7 11. Bd2 Nd7 $146 ({RR} 11... Bf5 12. Qc1 Nd7 13. Bh6 Rac8 14. Bxg7 Kxg7 15. c4 Nb6 16. c5 Nd5 17. Qa3 Rfd8 18. Bc4 a6 19. Qb3 Be6 20. Ne5 f6 21. Nd3 Bg8 22. Rab1 Rb8 23. Rfe1 g5 24. a3 h5 25. Nb4 Nxb4 26. Bxg8 {1-0 Erastov,A-Filippov,A RUS-ch U10 Serpukhov 2000 (4)}) 12. Rc1 b6 13. c4 e5 14. Bb4 Re8 15. dxe5 Nxe5 16. Bd6 Qd7 17. Nxe5 Bxe5 18. Bf3 Bb7 19. Bxe5 Qxd1 20. Rfxd1 Bxf3 21. Re1 Bg4 22. Bd6 Rxe1+ 23. Rxe1 Rc8 24. Re7 Rd8 25. h3 Rxd6 26. hxg4 a5 27. Rb7 Rc6 28. f3 Rxc4 29. Rxb6 Rc1+ 30. Kh2 Rc2 31. Ra6 Rxa2 32. g5 Kg7 33. Ra7 Ra1 34. Kg3 a4 35. Kh2 Kf8 36. Kg3 Ke8 37. Kg4 a3 38. Kg3 a2 39. Kf4 Kd8 40. g3 Kc8 41. Ra3 Kb7 42. Rb3+ Kc6 43. Rb2 Kc5 44. Re2 Kd4 45. Rb2 Kc3 46. Re2 Kb4 47. Re4+ Ka3 48. Re3+ Kb2 49. Re2+ Kc3 50. Ke4 Kc4 51. g4 Kc3 52. f4 Kc4 53. f5 Rg1 54. Rxa2 Rxg4+ 55. Kf3 Rxg5 56. fxg6 hxg6 57. Kf4 Rf5+ 58. Ke4 Rf1 59. Rc2+ Kb3 60. Rc6 Kb4 61. Rc2 Kb5 62. Rc3 Rf5 63. Rc8 Kb6 64. Rc1 Rf2 65. Ke3 Rg2 66. Kf3 Rg5 67. Kf4 Rc5 68. Ra1 Rf5+ 69. Ke4 Kc7 70. Rd1 Rf6 71. Ke5 Re6+ 72. Kf4 Rd6 73. Ra1 Kd7 74. Kg5 Rd5+ 75. Kf4 Ke6 76. Ra6+ Rd6 77. Ra4 Kf6 0-1

[Event "45th FIDE Chess Olympiad Open"]
[Site "Budapest, Hungary"]
[Date "2024.09.12"]
[Round "2"]
[White "Guevara Ruiz, Marvin Andres"]
[Black "Piva, Michele"]
[Result "1-0"]
[WhiteElo "2003"]
[BlackElo "1721"]
[PlyCount "79"]
[EventDate "2024.??.??"]
[WhiteTeam "El Salvador"]
[BlackTeam "San Marino"]
[WhiteTeamCountry "ESA"]
[BlackTeamCountry "SMR"]
[WhiteClock "0:19:49"]
[BlackClock "0:13:18"]

1. e4 c5 2. Nf3 Nc6 3. d4 cxd4 4. Nxd4 g6 5. c4 Bg7 6. Be3 d6 7. Nc3 Nf6 8. Be2 O-O 9. O-O Re8 10. Nc2 ({RR} 10. Rb1 a6 11. Qd2 Bd7 12. Rfd1 Rc8 13. f3 Nxd4 14. Bxd4 Be6 15. Nd5 Nxd5 16. cxd5 Bxd4+ 17. Qxd4 Bd7 18. Rbc1 Qa5 19. a3 Bb5 20. Bxb5 Qxb5 21. Kf2 Qb3 22. Re1 h5 23. h4 Rc2+ {½-½ Speelman,J (2645)-Larsen,B (2560) Hastings 8899 1988}) ({RR} 10. h3 Bd7 11. Qd2 Nxd4 12. Bxd4 Bc6 13. Bf3 Nd7 14. Rad1 Bxd4 15. Qxd4 Qb6 16. b3 Qxd4 17. Rxd4 a5 18. Bg4 Nc5 19. f4 Kg7 20. Bf3 f6 21. g3 Rec8 22. Kf2 Ra6 23. Ke3 Rb6 24. Rb1 Kf7 {0-1 Han,Y (2414)-Janaszak,D (2308) Titled Tue 19th Mar Late 2024 (6)}) 10... a6 $146 ({RR} 10... Nd7 11. Qd2 Nc5 12. Bh6 Bh8 13. b4 Ne6 14. Be3 Bd7 15. f4 Rc8 16. Rad1 b6 17. a3 Nf8 18. Kh1 Bg7 19. h3 f5 20. Nd4 Ne6 21. Nxc6 Bxc6 22. exf5 gxf5 23. Rfe1 Kh8 24. Bf1 Qd7 25. Nd5 {1-0 Cebalo,M (2450)-Hartman,B CAN-CRO m Toronto 1979 (2)}) ({RR} 10... Bd7 11. f3 Rc8 12. Rc1 Ne5 13. b3 a6 14. Nd5 Be6 15. Bb6 Qd7 16. f4 Nc6 17. Bd3 Bxd5 18. exd5 Nd8 19. f5 gxf5 20. Bxf5 e6 21. Bh3 Qe7 22. Ne3 Nd7 23. Bd4 Qg5 24. Rf3 Ne5 25. Rg3 {1-0 Chuchelov,V (2530)-Vandevoort,P (2305) Brussels op 1995}) ({RR} 10... Bd7 11. f3 Rc8 12. Qd2 a6 13. Rac1 Qa5 14. Na3 Ne5 15. Rfd1 h5 16. h3 Be6 17. Nd5 Qxd2 18. Bxd2 Nfd7 19. Nb1 Nc6 20. Bc3 Bh6 21. Bd2 Nd4 22. Bf1 Bxd2 23. Nxd2 Nc5 24. Nb1 Bxd5 25. exd5 {½-½ Beilfuss,W (2235)-Dinstuhl,V (2360) Oberliga NRW 9293 II 1992 [1]}) 11. h3 Rb8 12. Rb1 Be6 13. f4 Qc8 14. Qe1 Bd7 15. a4 e5 16. Qd2 Rd8 17. Bb6 Bxh3 18. Bxd8 Bxg2 19. Kxg2 Qxd8 20. f5 Qf8 21. fxg6 hxg6 22. Qg5 b5 23. cxb5 Nd4 24. Nxd4 exd4 25. Nd5 Nxe4 26. Ne7+ Kh7 27. Rh1+ Bh6 28. Qxh6+ Qxh6 29. Rxh6+ Kxh6 30. bxa6 Nc3 31. bxc3 Rxb1 32. a7 dxc3 33. Bd3 Rb2+ 34. Kf3 c2 35. Bxc2 Rxc2 36. a8=Q Rc5 37. a5 f5 38. a6 Rc3+ 39. Ke2 Rc5 40. Kd3 1-0

[Event "45th FIDE Chess Olympiad Open"]
[Site "Budapest, Hungary"]
[Date "2024.09.12"]
[Round "2"]
[White "Tan, Jun Ying"]
[Black "Asante Debesai Zerabruk"]
[Result "1-0"]
[WhiteElo "2322"]
[BlackElo "1908"]
[PlyCount "80"]
[EventDate "2024.??.??"]
[WhiteTeam "Malaysia"]
[BlackTeam "Eritrea"]
[WhiteTeamCountry "MAS"]
[BlackTeamCountry "ERI"]
[WhiteClock "0:03:32"]
[BlackClock "0:00:37"]

1. d4 f5 2. Bg5 Nf6 3. Bxf6 exf6 4. e3 d5 5. c4 Bb4+ 6. Nc3 Bxc3+ 7. bxc3 O-O 8. Qb3 dxc4 9. Bxc4+ Kh8 10. Ne2 Nd7 ({RR} 10... c5 11. h4 cxd4 12. cxd4 g6 13. Nf4 Nc6 14. Rc1 Qd6 15. h5 g5 16. Ng6+ hxg6 17. hxg6+ Kg7 18. Bf7 Rh8 19. Rxh8 Kxh8 20. Ke2 Qh2 21. Qb1 Kg7 22. Rh1 Qxg2 23. Rh7+ Kf8 24. Bc4 Ke8 25. g7 {1-0 Moskalenko,V (2558)-Karlsson,L (2468) Sitges op 35th 2009 (8)}) ({RR} 10... Nc6 11. Qb2 Na5 12. Bd3 Qd5 13. O-O Nc4 14. Qb4 Nd6 15. c4 a5 16. Qa3 Qf7 17. c5 Ne4 18. Rfc1 Be6 19. Qb2 c6 20. a3 a4 21. Qb4 h5 22. Rab1 Bb3 23. Bc4 Bxc4 24. Rxc4 h4 25. Rc2 {0-1 Melamed,D (1988)-Liu,C (2270) Titled Tue 12th Dec Late 2023 (3)}) 11. O-O $146 ({RR} 11. Nf4 Nb6 12. Bd3 Qe7 13. O-O c6 14. c4 g5 15. Ne2 Be6 16. Qc2 Qd7 17. a4 Rg8 18. f4 Rg6 19. Ng3 Rag8 20. a5 Nc8 21. fxg5 Rxg5 22. Bxf5 h5 23. Rf2 Nd6 24. Bd3 h4 25. Ne4 Nxe4 {0-1 Derz,C (1673)-Fuchs,J (1609) Berlin op 09 2005 (3)}) 11... Nb6 12. Bd3 Qd6 13. a4 Be6 14. c4 g6 15. Nf4 Bf7 16. a5 Nd7 17. Qxb7 Rfb8 18. Qf3 g5 19. c5 Qf8 20. Bxf5 Nxc5 21. dxc5 gxf4 22. Be4 Bg6 23. Bxa8 Rxa8 24. Qxf4 Qe7 25. Rad1 Rg8 26. f3 Be8 27. Qd4 Bc6 28. e4 Qg7 29. Rf2 h5 30. Rfd2 Kh7 31. Re1 Re8 32. Qf2 Qg5 33. Qe3 Qg7 34. Kh1 Re5 35. Qd3 Qe7 36. Rc2 h4 37. Qa6 Qd7 38. h3 f5 39. Qc4 Qg7 40. Rce2 Qd7 1-0

[Event "45th FIDE Chess Olympiad Open"]
[Site "Budapest, Hungary"]
[Date "2024.09.12"]
[Round "2"]
[White "Kibrom Weldegebriel Beraki"]
[Black "Ang, Ern Jie Anderson"]
[Result "0-1"]
[WhiteElo "1885"]
[BlackElo "2132"]
[PlyCount "58"]
[EventDate "2024.??.??"]
[WhiteTeam "Eritrea"]
[BlackTeam "Malaysia"]
[WhiteTeamCountry "ERI"]
[BlackTeamCountry "MAS"]
[WhiteClock "0:27:52"]
[BlackClock "0:41:43"]

1. c4 {Mamedyarov,Shakhriyar} c5 2. Nc3 Nc6 3. Nf3 g6 4. g3 Bg7 5. Bg2 d6 6. O-O Nf6 7. e3 O-O 8. d4 e5 ({RR} 8... d5 9. cxd5 Nxd5 10. Nxd5 Qxd5 11. Ne5 Qd6 12. Nc4 Qc7 13. d5 Rd8 ({RR} 13... Ne5 14. Qc2 Bd7 15. Nxe5 Bxe5 16. Bd2) 14. Bd2 Nb4 ({RR} 14... Ne5 15. Nxe5 Bxe5 16. Bc3) 15. Bxb4 ({RR} 15. e4 b5 16. Bf4 e5 ({RR} 16... Qb7 17. Ne5 g5 ({RR} 17... f6 18. Nd3) ({RR} 17... c4 18. a3 Bxe5 19. Bxe5 Nd3 20. Bc3) 18. Nxf7 Kxf7 19. Bxg5 Qb6 ({RR} 19... c4 20. e5 Bf5 21. Qf3 Kg6 22. g4 Bd3 23. e6 Rf8 24. Qh3 h6 25. Rad1 Kxg5 26. Qh5+ Kf4 27. Rde1 Nc2 28. g5 Nxe1 29. Rxe1 Qb6 30. Qh4+ Kf5 31. Qh5 Kf4 32. Bf3 ({RR} 32. h3 Qxf2+ 33. Kxf2 Bd4+ 34. Re3 Bxe3+ 35. Ke1 Ke5)) 20. a3 Na6 21. e5) 17. d6) 15... cxb4 16. Rc1 a5 ({RR} 16... Bd7 17. Qd2 a5 18. e4) 17. a3 bxa3 18. bxa3 a4 19. Qd3 ({RR} 19. Qd2 Qc5 20. Qa2 Bd7 21. Ne5 Qd6 22. Nxd7 Qxd7 23. Rfd1) 19... Bf5 ({RR} 19... Rb8 20. f4 Bd7 21. Ne5 Qd6 22. Nxd7 Qxd7 23. e4) 20. e4 Bd7 21. Qe3 Ra6 22. e5 b5 23. d6 {1-0 Mamedyarov,S (2801)-Carlsen,M (2842) Biel GM 51st 2018 (9)} {RR} exd6 24. Nxd6 Qa7 25. Qg5 Rf8 26. Bd5) 9. dxe5 ({RR} 9. d5 Na5 10. Qe2 e4 11. Ng5 Bg4 12. Qc2 Nxc4 13. Ngxe4 Nb6 14. h3 Bf5 15. Nxf6+ Bxf6 16. e4 Bd7 17. Bf4 Nc4 18. a4 Qa5 19. Nd1 b5 20. Ne3 Ne5 21. Bh6 Rfe8 22. f4 Nc4 23. Nxc4 bxc4 {0-1 Semak,S (1639)-Makhina,V (1829) Korchnoi Mem Open 2024 (4.129)}) 9... dxe5 10. Qe2 e4 $146 ({RR} 10... Bg4 11. h3 Bxf3 12. Bxf3 Qd7 13. Kh2 Rad8 14. Rb1 Qd3 15. Qxd3 Rxd3 16. Nd5 Nxd5 17. cxd5 Ne7 18. Be4 Rxd5 19. Bxd5 Nxd5 20. e4 Nb4 21. Rd1 Nc6 22. Rd7 Rb8 23. Be3 Nd4 24. Rc1 Bf8 25. Kg2 {1-0 Vine,K-Tamargo,J Manhattan CC-ch sf-B 5657 1956 (3)}) ({RR} 10... a6 11. Rd1 Qc7 12. Nd5 Nxd5 13. cxd5 Na5 14. Nd2 Rb8 15. Rb1 b5 16. b3 f5 17. Bb2 Nb7 18. Nf3 Re8 19. e4 fxe4 20. Ng5 Nd6 21. Nxe4 Bf5 22. Nxd6 Qxd6 23. Be4 Rec8 24. Ba3 Qb6 25. Rbc1 {1-0 Sutherland,K-Rodgers,R Canadian op Ottawa 1962 (3.16)}) ({RR} 10... Bf5 11. Rd1 Qc8 12. Ng5 Rd8 13. Nge4 Rxd1+ 14. Qxd1 Nxe4 15. Bxe4 Bxe4 16. Nxe4 b6 17. Nc3 Qb7 18. Qf3 Re8 19. Bd2 Re6 20. Rd1 Qa6 21. b3 e4 22. Qe2 Ne5 23. Be1 h6 24. Nxe4 Qb7 25. Rd5 {1-0 Iglesias,E-Marino Bravo,M (2140) Asturias-chT 1996}) 11. Ng5 Bg4 12. Qc2 Nb4 13. Qb3 Qe7 14. Ngxe4 Nxe4 15. Nxe4 Be2 16. Re1 Bd3 17. Nc3 Bxc3 18. Qxc3 Nc2 19. Qxd3 Nxe1 20. Qe2 Nxg2 21. Kxg2 Rad8 22. Bd2 Qe4+ 23. Kg1 Qc2 24. Rd1 Rd3 25. Kf1 Rfd8 26. Ke1 Qxb2 27. h4 b5 28. h5 bxc4 29. hxg6 hxg6 0-1

[Event "45th FIDE Chess Olympiad Open"]
[Site "Budapest, Hungary"]
[Date "2024.09.12"]
[Round "2"]
[White "Kavin Mohan"]
[Black "Lilay Weldu Gebru"]
[Result "0-1"]
[WhiteElo "1997"]
[BlackElo "1977"]
[PlyCount "66"]
[EventDate "2024.??.??"]
[WhiteTeam "Malaysia"]
[BlackTeam "Eritrea"]
[WhiteTeamCountry "MAS"]
[BlackTeamCountry "ERI"]
[WhiteClock "0:35:38"]
[BlackClock "0:15:08"]

1. d4 d5 2. c4 dxc4 3. e3 Nf6 4. Bxc4 e6 5. Nf3 b6 6. Nc3 Be7 7. O-O O-O 8. e4 Bb7 9. Re1 h6 10. Qc2 $146 ({RR} 10. e5 Nh7 11. d5 exd5 12. Bxd5 c6 13. Be4 Re8 14. Nd4 Bg5 15. f4 Be7 16. Be3 Bc5 17. Kh1 Nf8 18. Nf5 Qxd1 19. Raxd1 Bxe3 20. Rxe3 Ne6 21. Nd6 Re7 22. f5 Nc5 23. Bc2 Nba6 24. a3 Bc8 {½-½ Savli,M (1654)-Kralj,M (1748) SLO-chT3 West 2010 (3.6)}) 10... Nc6 11. Rd1 Na5 12. Bd3 Qc8 13. Qe2 c5 14. Bf4 cxd4 15. Nxd4 Qc5 16. e5 Nd5 17. Nxd5 Qxd5 18. Qg4 Kh8 19. Nf3 Rfd8 20. Qh3 Qxd3 21. Rxd3 Rxd3 22. Qh5 Kg8 23. Qg4 Kh7 24. b4 Rad8 25. Ne1 R3d4 26. bxa5 g5 27. Qh5 Rxf4 28. axb6 Bc5 29. Kh1 Bxf2 30. bxa7 Bxa7 31. Nf3 g4 32. Ng5+ Kg7 33. Qh4 Rd2 0-1

[Event "45th FIDE Chess Olympiad Open"]
[Site "Budapest, Hungary"]
[Date "2024.09.12"]
[Round "2"]
[White "Samuel Merhawi Gebrehiwet"]
[Black "Azhar, Muhd Syakir Shazmee"]
[Result "0-1"]
[WhiteElo "1788"]
[BlackElo "2086"]
[PlyCount "84"]
[EventDate "2024.??.??"]
[WhiteTeam "Eritrea"]
[BlackTeam "Malaysia"]
[WhiteTeamCountry "ERI"]
[BlackTeamCountry "MAS"]
[WhiteClock "0:03:45"]
[BlackClock "0:03:37"]

1. d4 Nf6 2. c4 g6 3. Nc3 Bg7 4. e4 d6 5. Nf3 O-O 6. h3 e5 7. d5 Na6 8. g4 Nc5 9. Qc2 a5 10. Be3 ({RR} 10. b3 Ne8 11. Bg5 f6 12. Bh4 Qd7 13. Nd2 Bh6 14. Be2 Bf4 15. Rg1 c6 16. Bg3 Bxg3 17. Rxg3 Nc7 18. a3 Qe7 19. Nf1 cxd5 20. cxd5 Bd7 21. a4 N7a6 22. Bxa6 Rxa6 23. Nd2 Rb6 24. Rb1 Rc8 {½-½ He,T (1902)-Mason,D (2014) English Open 2024 (4.25)}) 10... b6 11. Be2 Bd7 $146 ({RR} 11... h5 12. Nh2 hxg4 13. hxg4 Nh7 14. Qd2 Bf6 15. Nf3 Bxg4 16. O-O-O Bxf3 17. Bxf3 Ng5 18. Bg2 Kg7 19. Rdg1 Rh8 20. Rxh8 Kxh8 21. Bh1 Nh3 22. Rg3 Nf4 23. Bxf4 exf4 24. Qxf4 Kg7 25. Qg4 Qe7 26. Kc2 {0-1 Tarigan,G (2384)-Siva,M (2349) Titled Tuesday intern op 05th Apr Early blitz 2022 (10)}) 12. O-O-O Qe7 13. Nd2 Ne8 14. Rdg1 c6 15. h4 Nc7 16. Nf1 cxd5 17. cxd5 b5 18. Bxc5 dxc5 19. Ne3 Qd6 20. a4 b4 21. Nc4 Qf6 22. Nd1 b3 23. Qd2 Rfb8 24. g5 Qf4 25. Nc3 Rb4 26. Ne3 Rd4 27. Qe1 Rxe4 28. Nxe4 Qxe4 29. Qc3 Qxa4 30. Bc4 Rb8 31. Qd3 Rb4 32. d6 e4 33. Qxe4 Ne6 34. Rg4 Bd4 35. Qd3 Qa1+ 36. Qb1 Qa4 37. Qd3 Rxc4+ 38. Nxc4 Bb5 39. Nb6 Bxb2+ 40. Kd2 Qxg4 41. Qxb5 Qd4+ 42. Qd3 Bc3+ 0-1

[Event "45th FIDE Chess Olympiad Open"]
[Site "Budapest, Hungary"]
[Date "2024.09.12"]
[Round "2"]
[White "Muhammed, Shuaau"]
[Black "Eltigani, Omar"]
[Result "0-1"]
[WhiteElo "2052"]
[BlackElo "2241"]
[PlyCount "78"]
[EventDate "2024.??.??"]
[WhiteTeam "Maldives"]
[BlackTeam "Sudan"]
[WhiteTeamCountry "MDV"]
[BlackTeamCountry "SUD"]
[WhiteClock "0:30:00"]
[BlackClock "0:35:46"]

1. e4 c5 2. Nf3 e6 3. d4 cxd4 4. Nxd4 a6 5. c4 Nf6 6. Nc3 Qc7 7. a3 b6 8. Be3 Bb7 9. f3 Be7 10. Be2 d6 11. Qd2 Nbd7 12. Rc1 Rc8 13. b4 Qb8 14. Nb3 O-O 15. O-O Rfe8 ({RR} 15... Bd8 16. Rfd1 Bc7 17. Bf4 Ne5 18. Bxe5 dxe5 19. c5 b5 20. a4 Rfd8 21. Qe3 Bc6 22. axb5 axb5 23. g3 h5 24. Rxd8+ Rxd8 25. Rd1 Rxd1+ 26. Bxd1 h4 27. Be2 hxg3 28. hxg3 Nh5 29. Kg2 Bd8 30. Qd3 {1-0 Firouzja,A (2749)-Ivanchuk,V (2678) C'Chartres Rapid/Blitz m 2020 (8)}) 16. Kh1 h5 ({RR} 16... Bd8 17. Rfd1 Bc7 18. Bf4 Ne5 19. Bxe5 dxe5 20. c5 b5 21. a4 bxa4 22. Nxa4 Bc6 23. Nb2 Bb5 24. Bc4 Qb7 25. Qc3 Rb8 26. Nd3 Red8 27. Rd2 h5 28. Ra2 h4 29. Kg1 Bxc4 30. Qxc4 Qb5 31. Qxb5 {1-0 Rogic,D (2378)-Biliskov,V (2228) 13th Split Open 2024 (9.6)}) 17. Bf2 $146 ({RR} 17. Rfd1 Qa8 18. Na4 Qb8 19. Bf4 Bc6 20. Nc3 Ne5 21. Rc2 Qa8 22. Be3 Nfd7 23. Bf1 Red8 24. Nd4 Bb7 25. Na4 b5 26. Nb2 bxc4 27. Nxc4 Nxc4 28. Rxc4 Ne5 29. Rxc8 Rxc8 30. Rc1 Rxc1 31. Qxc1 Qc8 {½-½ Li,H (1988)-Bazilius,A (2052) Titled Tue 22nd Aug Early 2023 (3)}) ({RR} 17. Rfd1 Ba8 18. Bf4 Ne5 19. Na4 Bc6 20. Nb2 h4 21. Bxe5 dxe5 22. c5 Bb5 23. Bxb5 axb5 24. Nd3 h3 25. Rg1 Red8 26. Qe3 bxc5 27. Nbxc5 Qd6 28. gxh3 Ra8 29. Ra1 g6 30. h4 Kh7 31. Rgd1 Qc7 {½-½ Czarniecka,A (2043)-Kasperek,R (2202) Rubinstein Memorial 56th 2020 (7)}) 17... Ne5 18. Na4 Nfd7 19. Qe3 Bd8 20. c5 dxc5 21. bxc5 b5 22. Nb2 Ng6 23. Rfd1 Nf6 24. Bg3 Bc7 25. Bxc7 Qxc7 26. a4 bxa4 27. Nxa4 h4 28. Nb6 Rcd8 29. Kg1 Nf4 30. Bf1 Bxe4 31. Bxa6 Rxd1+ 32. Rxd1 Bc2 33. Rc1 N6d5 34. Nxd5 Nxd5 35. Qg5 Bxb3 36. Qxh4 Qe5 37. Qf2 Ra8 38. Qe2 Qg5 39. Rb1 Ba2 0-1

[Event "45th FIDE Chess Olympiad Open"]
[Site "Budapest, Hungary"]
[Date "2024.09.12"]
[Round "2"]
[White "Ahmed Hassan"]
[Black "Mohamed, Hassan"]
[Result "1-0"]
[WhiteElo "2234"]
[BlackElo "1880"]
[PlyCount "93"]
[EventDate "2024.??.??"]
[WhiteTeam "Sudan"]
[BlackTeam "Maldives"]
[WhiteTeamCountry "SUD"]
[BlackTeamCountry "MDV"]
[WhiteClock "0:32:32"]
[BlackClock "0:18:15"]

1. c4 Nf6 2. g3 e6 3. Bg2 d5 4. Nf3 Be7 5. O-O O-O 6. d4 dxc4 7. Ne5 a6 8. Nc3 Nbd7 ({RR} 8... Nd5 9. Nxc4 Nc6 10. e4 Nxc3 11. bxc3 b5 12. Ne3 Bb7 13. Rb1 Qd7 14. d5 Na5 15. c4 Rab8 16. cxb5 axb5 17. dxe6 Qxe6 18. Rxb5 Nc4 19. Nd5 c6 20. Nxe7+ Qxe7 21. Rb3 Ba6 22. Re1 Bb5 23. Qc2 {½-½ Polugaevsky,L (2635)-Kurajica,B (2505) Bugojno 1980 (3)}) 9. Nxc4 c5 $146 ({RR} 9... Rb8 10. Bf4 Nh5 11. Be3 c6 12. a4 Nb6 13. Nxb6 Qxb6 14. Qc2 Qd8 15. a5 Nf6 16. Bf4 Ra8 17. Rfd1 Nd5 18. Nxd5 exd5 19. e4 Bg4 20. Re1 Rc8 21. exd5 cxd5 22. Qb3 Be6 23. Qxb7 Bf6 24. Qxa6 {0-1 Sabatier,M (2183)-Valle Luis,L (2263) Titled Tue 6th Aug Early 2024 (5)}) 10. d5 exd5 11. Nxd5 Nxd5 12. Qxd5 Nf6 13. Qxd8 Bxd8 14. Be3 Be6 15. Nd6 Bd5 16. Bxc5 Bxg2 17. Kxg2 b6 18. Bd4 Ra7 19. e3 Rd7 20. Nc4 b5 21. Ne5 Rd5 22. Rfc1 Nd7 23. Nc6 f6 24. a4 a5 25. e4 Rh5 26. Be3 Ne5 27. axb5 Nxc6 28. bxc6 Bc7 29. Rc5 Rxc5 30. Bxc5 Rb8 31. Ba3 Rd8 32. Rc1 Rd3 33. Kf1 Rd4 34. Ke2 Rxe4+ 35. Kd3 f5 36. f3 Re5 37. Rc5 Rxc5 38. Bxc5 Kf7 39. Kc4 Ke6 40. b3 g5 41. Kb5 h5 42. Be3 h4 43. gxh4 gxh4 44. h3 Kd5 45. Bb6 Kd6 46. Bxc7+ Kxc7 47. f4 1-0